| 000 | 00343nam a22001457a 4500 | ||
|---|---|---|---|
| 003 | OSt | ||
| 005 | 20220407093911.0 | ||
| 008 | 220407b |||||||| |||| 00| 0 eng d | ||
| 020 | _a9780071455398 | ||
| 040 | _cHU | ||
| 082 |
_26th _a721.0448 |
||
| 100 |
_aBreyer _935583 |
||
| 245 | _aDesign Of Wood Structures ASD/LRFD | ||
| 942 |
_2ddc _cBOOKS _n0 |
||
| 999 |
_c34547 _d34547 |
||